00402nam a2200097Ia 4500008004100000082002100041100001800062245005700080260004400137650012300181211119s9999||||xx |||||||||||||| ||und|| a894.812 3bMAN-M aManalil, Paul 0aMalayala Sahithya Charithram Ezhuthappetatha Eatukal bSahithya Pravarthaka...aKottayamc2013 aLiterature & rhetoricv Literatures of other languagesAltaic, Uralic, Hyperborean & Dravidian MalayalamxGeneral Stack